000
00328nam a22001337a 4500
008
170613b xxu||||| |||| 00| 0 eng d
020
_a
9780966879506
041
_a
eng
080
_a
94(7/8)
100
_a
19
101
_a
shh
245
_a
CITIZEN POWER STORIES AMERICANS NEW CIIVC SPIRIT
_c
EPSTEIN.R
942
_2
udc
_c
BK
999
_c
17068
_d
17068